| 000 | 00615nam a2200193 i 4500 | ||
|---|---|---|---|
| 001 | 26307 | ||
| 003 | ES-MaACL | ||
| 007 | t| | ||
| 008 | 030108s1954 sp ||||1| spa d | ||
| 100 | 1 |
_aAulestia, Salvador. _923907 |
|
| 245 | 1 | 3 |
_aLa mano, lenguaje desconido _b: (tratado moderno de Quiromancia, Quiromorfología, Palmotecnia y Onicología) / _cSalvador Aulestia. |
| 250 | _a[1ª ed.]. | ||
| 260 |
_aBarcelona : _bA.H.R., _c[1954] ( _fImp. Moderna) |
||
| 300 |
_a320 p., 47 lám ; _c21 cm. |
||
| 490 | 1 | _aAmanecer | |
| 830 | 0 |
_aAmanecer _9181036 |
|
| 852 |
_aES-MaACL _jC-6754 _bR.36020 |
||
| 999 |
_c26307 _d26307 |
||